Welcome to CU Library Online Public Access Catalogue (OPAC)

Law of evidence / (Record no. 2642)

MARC details
000 -LEADER
fixed length control field 00982cam a22003374a 4500
001 - CONTROL NUMBER
control field 15557944
003 - CONTROL NUMBER IDENTIFIER
control field OSt
005 - DATE AND TIME OF LATEST TRANSACTION
control field 20250117202814.0
008 - FIXED-LENGTH DATA ELEMENTS--GENERAL INFORMATION
fixed length control field 081118s2008 ii 001 0 eng
010 ## - LIBRARY OF CONGRESS CONTROL NUMBER
LC control number 2008324856
020 ## - INTERNATIONAL STANDARD BOOK NUMBER
International Standard Book Number 9788171772070
025 ## - OVERSEAS ACQUISITION NUMBER
Overseas acquisition number I-E-2008-324856; 73-91
035 ## - SYSTEM CONTROL NUMBER
System control number (IN-NdUBS)UBS08003305
037 ## - SOURCE OF ACQUISITION
Source of stock number/acquisition Library of Congress -- New Delhi Overseas Office
Terms of availability Rs990.00
040 ## - CATALOGING SOURCE
Original cataloging agency DLC
Transcribing agency DLC
042 ## - AUTHENTICATION CODE
Authentication code lcode
043 ## - GEOGRAPHIC AREA CODE
Geographic area code a-ii---
050 00 - LIBRARY OF CONGRESS CALL NUMBER
Classification number KNS3542
Item number .S24 2008
100 1# - MAIN ENTRY--PERSONAL NAME
Personal name Saharay, H. K.,
Dates associated with a name 1931-
245 10 - TITLE STATEMENT
Title Law of evidence /
Statement of responsibility, etc. by H.K. Saharay, M.S. Saharay.
246 30 - VARYING FORM OF TITLE
Title proper/short title Evidence
260 ## - PUBLICATION, DISTRIBUTION, ETC.
Place of publication, distribution, etc. Kolkata :
Name of publisher, distributor, etc. Eastern Law House,
Date of publication, distribution, etc. 2008.
300 ## - PHYSICAL DESCRIPTION
Extent 141, 946 p. ;
Dimensions 25 cm.
500 ## - GENERAL NOTE
General note Includes index.
650 #0 - SUBJECT ADDED ENTRY--TOPICAL TERM
Topical term or geographic name entry element Evidence (Law)
Geographic subdivision India.
650 #0 - SUBJECT ADDED ENTRY--TOPICAL TERM
Topical term or geographic name entry element Procedure (Law)
Geographic subdivision India.
700 1# - ADDED ENTRY--PERSONAL NAME
Personal name Saharay, Madhusudan.
906 ## - LOCAL DATA ELEMENT F, LDF (RLIN)
a 7
b cbc
c origode
d 2
e ncip
f 20
g y-gencatlg
942 ## - ADDED ENTRY ELEMENTS (KOHA)
Source of classification or shelving scheme Library of Congress Classification
Koha item type Books
Suppress in OPAC No

No items available.

© 2023-2024 Copyright: Central University Libraries. All Rights Reserved | Created by: Mahone Tech Office